Farklı pencereler, farklı manzaralar : (Record no. 17636)

000 -LEADER
fixed length control field 01099nmm a2200313 a 4500
001 - CONTROL NUMBER
control field ocm0001917128
003 - CONTROL NUMBER IDENTIFIER
control field TR-IsHL
005 - DATE AND TIME OF LATEST TRANSACTION
control field 20201028173351.0
008 - FIXED-LENGTH DATA ELEMENTS--GENERAL INFORMATION
fixed length control field 180918s2013 tu tur
007 - PHYSICAL DESCRIPTION FIXED FIELD--GENERAL INFORMATION
fixed length control field cr cn
020 ## - INTERNATIONAL STANDARD BOOK NUMBER
International Standard Book Number 9789944157575
035 ## - SYSTEM CONTROL NUMBER
System control number 1917128
--
050 04 - LIBRARY OF CONGRESS CALL NUMBER
Classification number H62
Item number .F37 2013
090 04 - LOCALLY ASSIGNED LC-TYPE CALL NUMBER (OCLC); LOCAL CALL NUMBER (RLIN)
Classification number (OCLC) (R) ; Classification number, CALL (RLIN) (NR) H62
Local cutter number (OCLC) ; Book number/undivided call number, CALL (RLIN) .F37 2013
245 10 - TITLE STATEMENT
Title Farklı pencereler, farklı manzaralar :
Remainder of title sosyal bilimlerde yöntem tartışmaları
Medium [electronic resource] /
Statement of responsibility, etc. derl. Pınar Uyan Smerci, Emre Erdoğan
260 ## - PUBLICATION, DISTRIBUTION, ETC.
Place of publication, distribution, etc. İstanbul :
Name of publisher, distributor, etc. Hiperlink Yayınları,
Date of publication, distribution, etc. 2013
300 ## - PHYSICAL DESCRIPTION
Extent 184 p.
500 ## - GENERAL NOTE
General note Kaynakça var.
International Standard Serial Number (SE) [OBSOLETE]
650 #4 - SUBJECT ADDED ENTRY--TOPICAL TERM
Topical term or geographic name entry element Sosyoloji
650 #4 - SUBJECT ADDED ENTRY--TOPICAL TERM
Topical term or geographic name entry element Sociology
650 #0 - SUBJECT ADDED ENTRY--TOPICAL TERM
Topical term or geographic name entry element Sosyal bilimler
General subdivision Yöntembilim
650 #0 - SUBJECT ADDED ENTRY--TOPICAL TERM
Topical term or geographic name entry element Social sciences
General subdivision Methodology
650 #0 - SUBJECT ADDED ENTRY--TOPICAL TERM
Topical term or geographic name entry element Sosyal bilimler
General subdivision Araştırma
-- Yöntembilim
650 #0 - SUBJECT ADDED ENTRY--TOPICAL TERM
Topical term or geographic name entry element Social sciences
General subdivision Research
-- Methodology
650 #7 - SUBJECT ADDED ENTRY--TOPICAL TERM
Topical term or geographic name entry element SOCIAL SCIENCE / Research
Source of heading or term bisacsh
700 1# - ADDED ENTRY--PERSONAL NAME
Personal name Semerci, Pınar Uyan
700 1# - ADDED ENTRY--PERSONAL NAME
Personal name Erdoğan, Emre
856 40 - ELECTRONIC LOCATION AND ACCESS
Uniform Resource Identifier <a href="http://search.ebscohost.com/login.aspx?direct=true&scope=site&db=e011xww&AN=1917128">http://search.ebscohost.com/login.aspx?direct=true&scope=site&db=e011xww&AN=1917128</a>

No items available.

Devinim Yazılım Eğitim Danışmanlık tarafından Koha'nın orjinal sürümü uyarlanarak geliştirilip kurulmuştur.